| 000 | 06439cam a2201321 a 4500 | ||
|---|---|---|---|
| 999 | _c56341 | ||
| 001 | 9709938 | ||
| 003 | LIBRIS | ||
| 005 | 20210308121928.0 | ||
| 008 | 041123s2005 sw |||||||||||000 0|swe| | ||
| 020 |
_a9151844362 _qinb. |
||
| 035 | _a(Bo)366902 | ||
| 035 | _a(Mo)b1545899 | ||
| 040 |
_aLGEN _dNB _dHsd _ea |
||
| 041 | _aswe | ||
| 082 | 4 |
_a577.4094 _223/swe |
|
| 084 |
_aUf.07-c _2kssb/7 |
||
| 084 |
_aUf.07-c _2kssb/8 |
||
| 100 | 1 |
_aHolmberg, Pelle, _d1948-2020 _4aut _0https://libris.kb.se/gdsw3vv01kn46wn#it |
|
| 245 | 1 | 0 |
_aÄngens blommor / _cPelle Holmberg & Anders Rapp. |
| 264 | 1 |
_aStockholm : _bPrisma : _bSvenska naturskyddsföreningen, _c2005 |
|
| 264 | 3 | _aDanmark | |
| 300 |
_a125, [2] s. _bfärgill. _c18 cm |
||
| 500 |
_5Li _aPliktex. |
||
| 500 |
_5Mo _asvenska |
||
| 650 | 7 |
_aÄngsväxter _zSverige _2sao |
|
| 653 | _aÄngar | ||
| 653 | _aFloror | ||
| 653 | _aVäxter | ||
| 653 | _aVäxtgeografi | ||
| 653 | _aBotanik | ||
| 653 | _aÄngar | ||
| 653 | _aFloror | ||
| 655 | 4 |
_5Mo _aBok |
|
| 700 | 1 |
_aRapp, Anders, _d1956- _4pht _49pu _0https://libris.kb.se/7lgkbsgt5qs6jr1l#it |
|
| 710 | 2 |
_aNaturskyddsföreningen _4pbl _0https://libris.kb.se/0xbfmhkj3wxbzxs#it |
|
| 887 |
_a{"@id":"8rkj76dl3j2zl1r","modified":"2020-10-22T13:48:48.776+02:00","checksum":"108435109842"} _2librisxl |
||
| 887 |
_a{"@id":"9fnk9bcg2jg9d3z","modified":"2016-01-25T11:34:18+01:00","checksum":"173324445297"} _2librisxl |
||
| 887 |
_a{"@id":"glsfvzlm5glszzs","modified":"2014-04-01T11:16:11+02:00","checksum":"153038736002"} _2librisxl |
||
| 887 |
_a{"@id":"37fbc6j83hdxsn0","modified":"2007-05-04T10:18:40+02:00","checksum":"174301260624"} _2librisxl |
||
| 887 |
_a{"@id":"w1769w925hn4mth","modified":"2008-08-20T11:41:17+02:00","checksum":"179156616509"} _2librisxl |
||
| 887 |
_a{"@id":"15b5mx261pffmcn","modified":"2013-01-15T09:18:41+01:00","checksum":"163953914133"} _2librisxl |
||
| 887 |
_a{"@id":"6kn566p04h5xhkxj","modified":"2020-12-17T11:13:10.094+01:00","checksum":"162346933526"} _2librisxl |
||
| 887 |
_a{"@id":"djq4nzkk31c76t5","modified":"2012-04-03T09:54:53+02:00","checksum":"164170796154"} _2librisxl |
||
| 887 |
_a{"@id":"z39wh2m432d86m9","modified":"2016-03-07T09:53:55+01:00","checksum":"190543374728"} _2librisxl |
||
| 887 |
_a{"@id":"6bhbsdzc065wsx5","modified":"2014-10-10T15:34:25+02:00","checksum":"161778556433"} _2librisxl |
||
| 887 |
_a{"@id":"chnhfhsj2s2c21m","modified":"2005-11-09T13:30:19+01:00","checksum":"174448253509"} _2librisxl |
||
| 887 |
_a{"@id":"7cjcs1gd03tw0jj","modified":"2005-04-26T11:14:08+02:00","checksum":"205953406183"} _2librisxl |
||
| 887 |
_a{"@id":"v050hrb13glv24g","modified":"2014-12-08T15:51:13+01:00","checksum":"151192914204"} _2librisxl |
||
| 887 |
_a{"@id":"ns1tcvjt02nn3wp","modified":"2015-06-22T10:23:38+02:00","checksum":"171593616637"} _2librisxl |
||
| 887 |
_a{"@id":"37d7rgd83xc4w5f","modified":"2016-10-17T12:49:10+02:00","checksum":"157532905535"} _2librisxl |
||
| 887 |
_a{"@id":"mrzzkw2s575v20c","modified":"2009-03-03T14:29:15+01:00","checksum":"178368290582"} _2librisxl |
||
| 887 |
_a{"@id":"x272l7b30mrwc0s","modified":"2005-05-31T15:20:12+02:00","checksum":"180071052890"} _2librisxl |
||
| 887 |
_a{"@id":"jntn2n1p18knf71","modified":"2005-04-18T14:30:21+02:00","checksum":"161576503614"} _2librisxl |
||
| 887 |
_a{"@id":"59g8mk7b0f9fs9l","modified":"2004-11-29T10:53:02+01:00","checksum":"170380254197"} _2librisxl |
||
| 887 |
_a{"@id":"rw3fszdx482hns8","modified":"2011-12-06T15:32:33+01:00","checksum":"162461384154"} _2librisxl |
||
| 887 |
_a{"@id":"hmsm3vln2cfqspv","modified":"2013-07-10T09:07:05+02:00","checksum":"165516875924"} _2librisxl |
||
| 887 |
_a{"@id":"m0m2s2m1k0m1q4hk","modified":"2020-08-25T08:56:17.253+02:00","checksum":"156378017619"} _2librisxl |
||
| 887 |
_a{"@id":"hvlf41kbfs252gsq","modified":"2020-09-15T14:21:40.43+02:00","checksum":"158697106889"} _2librisxl |
||
| 887 |
_a{"@id":"mrz1stfs0279wks","modified":"2009-08-17T14:25:15+02:00","checksum":"197678978499"} _2librisxl |
||
| 900 | 1 | s |
_6100 _d1948-2020 _uHolmberg, Pelle, _d1948-2020 |
| 910 | 2 | s | _aSNF (1990-) |
| 910 | 2 | s | _aSwedish Society for Nature Conservation (1990-) |
| 910 | 2 | s | _aSociété suédoise pour la conservation de la nature |
| 910 | 2 | s | _aObscestvo sochranenija prirody Svecii |
| 910 | 2 | k | _aSvenska naturskyddsföreningen |
| 942 |
_2z _cBOOK |
||